00481nam a22001577a 450000500170000000800410001702000180005804000230007605000210009910000310012024500630015126000400021430000220025465000290027665000180030520230904144134.0230904b |||||||| |||| 00| 0 eng d a9781444159011 aKMUcKMUdKMUerda aHF 5549.5.16 Sha aShapiro, Mo; Straw, Alison aTackling interview questions /cShapiro, Mo; Straw, Alison aLondon :bHodder Education,cc1999. a115 p. :c20 cm.  aEmployment interviewing. aInterviewing.